00299nam a2200121Ia 4500008004100000041000800041082001200049100001500061245001500076260004200091300003500133365000900168240624s9999 xx 000 0 und d aeng a332 SMI aSMITH ADAM aSUPERMONEY c2006aNew JerseybJohn Wiley and Sons axxxviii, : 298 : p. : cm. ; 21 cb30